| 000 | 00384pab a2200145 454500 | ||
|---|---|---|---|
| 008 | 180718b1983 xxu||||| |||| 00| 0 eng d | ||
| 100 | _aGrossi, Francisco Vio | ||
| 245 |
_aThe right kind of support _bSome cautionary advice for NGO in the South |
||
| 260 | _c1983 | ||
| 300 | _a23-5 | ||
| 362 | _aMay-June | ||
| 650 | _aSocial Service - Finance | ||
| 773 | _aCeres | ||
| 909 | _a18276 | ||
| 999 |
_c18276 _d18276 |
||